[Event "Victoria-ch op"]
[Site "Box Hill"]
[Date "2004.06.13"]
[Round "5"]
[White "Stokie, William"]
[Black "Frangakis, John"]
[Result "1-0"]
[WhiteElo "1583"]
[BlackElo "1348"]
[PlyCount "105"]
[EventDate "2004.06.12"]
[EventType "swiss"]
[EventRounds "7"]
[EventCountry "AUS"]
[SourceTitle "EXT 2018"]
[Source "ChessBase"]
[SourceDate "2017.10.13"]
[SourceVersion "1"]
[SourceVersionDate "2017.10.13"]
[SourceQuality "1"]

1. c4 e6 2. b3 d5 3. Nf3 Nf6 4. g3 g6 5. Bb2 Bg7 6. Bg2 0-0 7. 0-0 Re8 8. d3 c6 9. Re1 Qc7 10. Nbd2 Nbd7 11. Rc1 a5 12. a3 Nf8 13. Qc2 Bd7 14. Bc3 Reb8 15. Be5 Qc8 16. Bxb8 Qxb8 17. b4 axb4 18. axb4 Ng4 19. d4 Qa7 20. Ra1 Qxa1 21. Rxa1 Rxa1+ 22. Bf1 Bh6 23. h3 Bxd2 24. Nxd2 Nf6 25. Nb3 Ra8 26. e3 dxc4 27. Qxc4 Nd5 28. Nc5 b5 29. Qb3 Bc8 30. e4 Nf6 31. Bg2 Ra1+ 32. Kh2 Rc1 33. Qb2 Rc4 34. d5 N8d7 35. Bf1 cxd5 36. Bxc4 dxc4 37. Nxd7 Nxd7 38. Qa3 Nb6 39. Kg2 Na4 40. Kf3 e5 41. g4 Be6 42. Ke3 c3 43. Kd3 Bc4+ 44. Kc2 Kf8 45. Qc1 Ke7 46. Qh6 Kf6 47. Qxh7 Nc5 48. bxc5 b4 49. c6 Be2 50. Qh8+ Ke6 51. c7 Bd1+ 52. Kxd1 b3 53. c8Q+ 1-0

[Event "Victoria-ch op"]
[Site "Box Hill"]
[Date "2004.06.12"]
[Round "1"]
[White "Frangakis, John"]
[Black "Frost, Peter"]
[Result "0-1"]
[WhiteElo "1348"]
[BlackElo "1812"]
[PlyCount "78"]
[EventDate "2004.06.12"]
[EventType "swiss"]
[EventRounds "7"]
[EventCountry "AUS"]
[SourceTitle "EXT 2018"]
[Source "ChessBase"]
[SourceDate "2017.10.13"]
[SourceVersion "1"]
[SourceVersionDate "2017.10.13"]
[SourceQuality "1"]

1. d4 f5 2. c4 Nf6 3. Nf3 g6 4. g3 Bg7 5. Bg2 0-0 6. Nc3 d6 7. 0-0 c6 8. Qc2 Kh8 9. Bd2 Be6 10. b3 Nbd7 11. Rac1 d5 12. cxd5 cxd5 13. Rfe1 Rc8 14. Qb1 Ne4 15. Nxe4 dxe4 16. Rxc8 Qxc8 17. Rc1 Qd8 18. Ng5 Bg8 19. e3 e5 20. Nxe4 fxe4 21. Qxe4 Qf6 22. f4 exd4 23. Qxb7 Ne5 24. Qxa7 Ng4 25. Bb4 Rf7 26. Qc5 Bf8 27. Qb5 Bxb4 28. Qxb4 dxe3 29. Bd5 Qb2 30. Qc3+ Qxc3 31. Rxc3 e2 32. Rc1 Re7 33. Bf3 e1Q+ 34. Rxe1 Rxe1+ 35. Kg2 h5 36. Kh3 Be6 37. Kg2 Ra1 38. Be4 Rxa2+ 39. Kf3 Rf2# 0-1

[Event "Doeberl Cup Minor 42nd"]
[Site "Canberra"]
[Date "2004.04.09"]
[Round "2"]
[White "Frangakis, John"]
[Black "Guo, Emma"]
[Result "1-0"]
[WhiteElo "1382"]
[BlackElo "869"]
[PlyCount "97"]
[EventDate "2004.04.09"]
[EventType "swiss"]
[EventRounds "7"]
[EventCountry "AUS"]
[SourceTitle "EXT 2006"]
[Source "ChessBase"]
[SourceDate "2005.11.24"]
[SourceVersion "1"]
[SourceVersionDate "2005.11.24"]
[SourceQuality "1"]

1. d4 Nf6 2. c4 c5 3. d5 b5 4. b3 bxc4 5. bxc4 g6 6. Bb2 Bg7 7. Nf3 Qa5+ 8. Nbd2 Qb4 9. Qb3 Na6 10. g3 Rb8 11. Bg2 0-0 12. 0-0 d6 13. Rfe1 Bf5 14. Rad1 Ne4 15. Bxg7 Kxg7 16. Nxe4 Bxe4 17. Qxb4 Nxb4 18. Rd2 Nc2 19. Rc1 Na3 20. Ng5 Rb1 21. Rxb1 Bxb1 22. Rb2 Bf5 23. e4 h6 24. exf5 hxg5 25. fxg6 Kxg6 26. Be4+ Kf6 27. Bd3 Ke5 28. Rb3 Nxc4 29. Bxc4 Kd4 30. Ba6 c4 31. Rb4 Kxd5 32. Rxc4 Rb8 33. Rc7 Ke6 34. Rxa7 d5 35. Rb7 Rxb7 36. Bxb7 d4 37. Ba6 Kd5 38. Kf1 e5 39. f3 Kc5 40. a4 f6 41. h4 Kd5 42. h5 Ke6 43. Bc4+ Ke7 44. h6 Kf8 45. a5 f5 46. a6 e4 47. fxe4 fxe4 48. a7 d3 49. a8Q+ 1-0